[Event "just SC 1200/1600"]
[Site "SchemingMind.com"]
[Date "2006.05.08"]
[Round "-"]
[White "christiane"]
[Black "gregor"]
[Result "0-1"]
[WhiteCountry "GER"]
[BlackCountry "GER"]
[WhiteElo "1198"]
[WhiteRD "86"]
[BlackElo "1518"]
[BlackRD "73"]
[GameID "49131"]

1. d4 Nf6 2. c4 g6 3. g3 Bg7 4. Nf3 Ne4 5. Be3 Nc6 6. Ne5 Bxe5 7. d5 Bxb2 8. Nd2 Nxd2 9. Bxd2 Bxa1 10. Qxa1 Rg8
11. Bh6 Na5 12. e3 d6 13. Qb2 c6 14. Bd3 Bh3 15. f4 Qd7 16. Bg5 Qg4 17. Be2 Qf5 18. Kf2 Qe4 19. Bf3 Qxc4 20. Rc1 Qxc1
21. Qxc1 f6 22. Bh6 O-O-O 23. dxc6 Nxc6 24. Bxc6 bxc6 25. Qxc6+ Kb8 26. a4 Rc8 27. Qb5+ Ka8 28. a5 Rc2+ 29. Ke1 Rb8 30. Qd3 Rb1+
31. Qd1 Rxd1+ 32. Kxd1 Rxh2 33. Bf8 e5 34. Bxd6 exf4 35. Bxf4 g5 36. Bd6 f5 37. g4 Ra2 38. Be7 fxg4 39. Bxg5 g3 40. e4 g2
41. Be3 Rxa5 42. Ke2 Re5 43. Kf3 a5 44. Kf4 Rh5 45. e5 a4 46. Bd4 Rh4+ 47. Kg3 Rxd4 48. Kxh3 g1=Q
0-1

[Event "just SC 1200/1600"]
[Site "SchemingMind.com"]
[Date "2006.05.04"]
[Round "-"]
[White "gregor"]
[Black "christiane"]
[Result "1-0"]
[WhiteCountry "GER"]
[BlackCountry "GER"]
[WhiteElo "1518"]
[WhiteRD "73"]
[BlackElo "1198"]
[BlackRD "86"]
[GameID "49132"]

1. d4 d5 2. c4 e5 3. e3 c6 4. dxe5 Bb4+ 5. Bd2 a5 6. Bd3 Nd7 7. Nf3 Nc5 8. Bxb4 axb4 9. a3 b3 10. cxd5 Qxd5
11. Be2 Ra4 12. Nc3 Qe6 13. Nxa4 Nxa4 14. Qd4 Nxb2 15. Qxb2 Ne7 16. Nd2 O-O 17. Nxb3 Rd8 18. Rd1 Rxd1+ 19. Bxd1 Nd5 20. O-O b5
21. Bf3 Nb6 22. Rd1 g6 23. Rd6 Nc4 24. Rxe6 Nxb2 25. Re8+ Kg7 26. Rxc8 Nd3 27. e6 fxe6 28. Bxc6 h5 29. h4 Ne5 30. Bxb5 Kf6
31. Nd4 Ng4 32. Rc6
1-0

[Event "just SC 1200/1600"]
[Site "SchemingMind.com"]
[Date "2006.05.04"]
[Round "-"]
[White "Dr_Pat"]
[Black "gregor"]
[Result "0-1"]
[WhiteCountry "USA"]
[BlackCountry "GER"]
[WhiteElo "1409"]
[WhiteRD "54"]
[BlackElo "1588"]
[BlackRD "78"]
[GameID "49211"]

1. d4 Nf6 2. c4 g6 3. Nc3 Bg7 4. e4 d6 5. Nf3 O-O 6. Bd3 Nc6 7. Be3 Ng4 8. Qd2 b6 9. O-O e5 10. h3 Nxe3
11. Qxe3 exd4 12. Nxd4 Bxd4 13. Qd2 Be6 14. Rac1 a5 15. b3 Qh4 16. Nd1 Nb4 17. Ne3 Bxe3 18. Qxe3 Nxa2 19. Rcd1 Nb4 20. f4 Nxd3
21. Rxd3 a4 22. Ra1 axb3 23. Rxa8 Rxa8 24. Rxb3 Bxc4 25. Rc3 Ra1+ 26. Kh2 b5 27. Rc1 Rxc1 28. Qxc1 c5 29. g3 Qe7 30. Qe3 d5
31. e5 d4 32. Qe4 d3 33. Qa8+ Kg7 34. Qa1 d2 35. Qd1 Qd8 36. Kg2 Be2
0-1

[Event "just SC 1200/1600"]
[Site "SchemingMind.com"]
[Date "2006.05.04"]
[Round "-"]
[White "Dr_Pat"]
[Black "christiane"]
[Result "1-0"]
[WhiteCountry "USA"]
[BlackCountry "GER"]
[WhiteElo "1469"]
[WhiteRD "51"]
[BlackElo "1198"]
[BlackRD "86"]
[GameID "49212"]

1. d4 d5 2. c4 e5 3. dxe5 d4 4. e3 Nc6 5. Nf3 Bb4+ 6. Bd2 Bg4 7. Bxb4 Bxf3 8. Qxf3 Nxb4 9. Na3 d3 10. O-O-O c6
11. e4 Qd4 12. Bxd3 O-O-O 13. Kb1 Ne7 14. Qxf7 Nxd3 15. Rd2 Qxe5 16. h3 Rhf8 17. f4 Qa5 18. Qe6+ Rd7 19. Rxd3 Rd8 20. Rxd7 Rxd7
21. Rd1 Kc7 22. Rxd7+ Kb6 23. Nc2 Ng6 24. Qd6 Qc5 25. Rxb7+
1-0

[Event "just SC 1200/1600"]
[Site "SchemingMind.com"]
[Date "2006.05.04"]
[Round "-"]
[White "gregor"]
[Black "Dr_Pat"]
[Result "1/2-1/2"]
[WhiteCountry "GER"]
[BlackCountry "USA"]
[WhiteElo "1588"]
[WhiteRD "78"]
[BlackElo "1409"]
[BlackRD "54"]
[GameID "49213"]

1. d4 Nf6 2. c4 e6 3. Nf3 d5 4. Nc3 Bb4 5. e3 O-O 6. Bd3 c5 7. O-O b6 8. Bd2 Nbd7 9. cxd5 exd5 10. Nb5 Bxd2
11. Qxd2 Nb8 12. h3 a6 13. Nc3 Nc6 14. Ne5 Bb7 15. Qe2 cxd4 16. Nxc6 Bxc6 17. exd4 Qd7 18. Qf3 Rfe8 19. b3 a5 20. a4 Rac8
21. Ne2 b5 22. axb5 Bxb5 23. Rxa5 Bxd3 24. Qxd3 Re6 25. Nf4 Ree8 26. b4 Ra8 27. Rxa8 Rxa8 28. f3 Rb8 29. Rb1 Qd6 30. g3 Rxb4
31. Rxb4=
1/2-1/2

[Event "just SC 1200/1600"]
[Site "SchemingMind.com"]
[Date "2006.05.08"]
[Round "-"]
[White "christiane"]
[Black "Dr_Pat"]
[Result "0-1"]
[WhiteCountry "GER"]
[BlackCountry "USA"]
[WhiteElo "1198"]
[WhiteRD "86"]
[BlackElo "1469"]
[BlackRD "51"]
[GameID "49214"]

1. d4 Nf6 2. Bg5 e6 3. Nf3 d5 4. e3 Bd6 5. Nc3 O-O 6. Bd3 Nc6 7. Nh4 h6 8. Bxh6 gxh6 9. Qf3 a6 10. O-O e5
11. Nxd5 Nxd5 12. Qe4 Nf6 13. d5 Ne7 14. Qf3 Bg4 15. Qxf6 Ng6 16. Qxd8 Raxd8 17. Bxg6 fxg6 18. Nxg6 Rf6 19. f3 Rxg6 20. fxg4 Rxg4
21. Rf6 Kg7 22. Raf1 Rf8
0-1

[Event "just SC 1200/1600"]
[Site "SchemingMind.com"]
[Date "2006.05.04"]
[Round "-"]
[White "pelikan"]
[Black "gregor"]
[Result "0-1"]
[WhiteCountry "GER"]
[BlackCountry "GER"]
[WhiteElo "1382"]
[WhiteRD "120"]
[BlackElo "1588"]
[BlackRD "78"]
[GameID "49374"]

1. d4 Nf6 2. e3 d5 3. Nc3 Nc6 4. Nf3 a6 5. Bd3 e6 6. O-O Bd6 7. e4 dxe4 8. Nxe4 O-O 9. Nfg5 g6 10. Qf3 Nxe4
11. Bxe4 Nxd4 12. Qh3 h5 13. g4 Ne2+ 14. Kh1 Nxc1 15. Qe3 hxg4 16. h4 f6 17. Nxe6 Qe8 18. Qh6 Bxe6 19. Bxg6 Bd5+ 20. f3 Bxf3+
21. Rxf3 Qe1+ 22. Kg2 gxf3+ 23. Kh3 Qg3#
0-1

[Event "just SC 1200/1600"]
[Site "SchemingMind.com"]
[Date "2006.05.04"]
[Round "-"]
[White "pelikan"]
[Black "christiane"]
[Result "1-0"]
[WhiteCountry "GER"]
[BlackCountry "GER"]
[WhiteElo "1311"]
[WhiteRD "99"]
[BlackElo "1198"]
[BlackRD "86"]
[GameID "49375"]

1. d4 d5 2. Nc3 Nf6 3. e3 Bg4 4. Nf3 e6 5. Bb5+ c6 6. Bd3 a6 7. O-O Bb4 8. a3 Bxc3 9. bxc3 b5 10. Qe1 Bxf3
11. gxf3 O-O 12. f4 Ng4 13. h3 Qh4 14. Kg2 Nd7 15. f3 Qxe1 16. Rxe1 Nh6 17. e4 e5 18. fxe5 Rae8 19. Rg1 c5 20. exd5 c4
21. Be4 f5 22. Kh2 fxe4 23. Bxh6 Rxf3 24. Rxg7+ Kf8 25. Rxd7+ Kg8 26. Rg1+
1-0

[Event "just SC 1200/1600"]
[Site "SchemingMind.com"]
[Date "2006.05.04"]
[Round "-"]
[White "pelikan"]
[Black "Dr_Pat"]
[Result "0-1"]
[WhiteCountry "GER"]
[BlackCountry "USA"]
[WhiteElo "1311"]
[WhiteRD "99"]
[BlackElo "1469"]
[BlackRD "51"]
[GameID "49376"]

1. d4 Nf6 2. e3 d5 3. Nc3 e6 4. Nf3 Nc6 5. Ne5 Bd7 6. a3 Bd6 7. e4 Nxe5 8. dxe5 Bxe5 9. Bb5 Bxc3+ 10. bxc3 Bxb5
11. e5 Ne4 12. Qf3 O-O 13. a4 Ba6 14. Rb1 f6 15. Ba3 Re8 16. exf6 Nxf6 17. Rb4 Qd6 18. c4 dxc4 19. O-O b6 20. c3 Nd5
21. Rb3 Qf4 22. Rbb1 Qxf3 23. gxf3 Nxc3 24. Rbe1 Nxa4 25. Ra1 c3 26. Rad1 Bxf1 27. Rxf1 a5 28. Kh1 Rad8 29. Rg1 Rd3 30. Bc1 g6
31. h4 c2 32. h5 Kf7 33. hxg6+ hxg6 34. Rg3 Rd1+ 35. Rg1 e5 36. Kg2 e4
0-1

[Event "just SC 1200/1600"]
[Site "SchemingMind.com"]
[Date "2006.05.04"]
[Round "-"]
[White "gregor"]
[Black "pelikan"]
[Result "0-1"]
[WhiteCountry "GER"]
[BlackCountry "GER"]
[WhiteElo "1588"]
[WhiteRD "78"]
[BlackElo "1382"]
[BlackRD "120"]
[GameID "49377"]

1. e4 e5 2. Nf3 d6 3. Nc3 Nf6 4. Bc4 Be6 5. Bxe6 fxe6 6. d4 d5 7. exd5 Nxd5 8. Nxe5 Qf6 9. Nxd5 exd5 10. O-O Nc6
11. Qe1 O-O-O 12. a3 Nxd4 13. Qe2 Nxe2+
0-1

[Event "just SC 1200/1600"]
[Site "SchemingMind.com"]
[Date "2006.05.08"]
[Round "-"]
[White "christiane"]
[Black "pelikan"]
[Result "1/2-1/2"]
[WhiteCountry "GER"]
[BlackCountry "GER"]
[WhiteElo "1220"]
[WhiteRD "89"]
[BlackElo "1305"]
[BlackRD "105"]
[GameID "49378"]

1. d4 d5 2. c3 Nc6 3. Nf3 Nf6 4. Ne5 Nxe5 5. dxe5 Ne4 6. b4 c6 7. e3 e6 8. Bd3 c5 9. Bb5+ Bd7 10. Na3 cxb4
11. cxb4 Bxb4+ 12. Bd2 Bxd2+ 13. Ke2 a6 14. Bd3 Bb5 15. Nxb5 O-O 16. Bxe4 Ba5 17. Qa4 dxe4 18. Rhd1 Qb6 19. Rab1 Rad8 20. f4 axb5
21. Qxe4 Qc6 22. Kf3 Bd2 23. Rb2 Bxe3 24. Rd6 Qxe4+ 25. Kxe4 Bc5 26. Rdd2 b4 27. g4 f5+ 28. Kf3 fxg4+ 29. Kxg4 Be3 30. Rxd8 Rxd8
31. Rxb4 b6 32. Rb3 Bg1 33. h4 g6 34. h5 Kg7 35. Rb1= Be3 36. a4= Rd4 37. Rxb6 Rxf4+ 38. Kg3 Rxa4 39. Rxe6 gxh5 40. Re7+ Kg6
41. e6 h4+ 42. Kf3 Bg5 43. Rd7 Rf4+ 44. Ke3 Rf6+ 45. Ke4 Rxe6+ 46. Kd5 Re7 47. Rxe7 Bxe7 48. Ke4 h3 49. Kf3 h2 50. Kg2 Bd6
51. Kh1 Kg5 52. Kg2 h5 53. Kh1 Kg4 54. Kg2 h4 55. Kh1 Be5 56. Kg2 Bg3 57. Kh1 Bf4 58. Kg2 Bg3 59. Kh1 h3
1/2-1/2

[Event "just SC 1200/1600"]
[Site "SchemingMind.com"]
[Date "2006.05.05"]
[Round "-"]
[White "Dr_Pat"]
[Black "pelikan"]
[Result "1-0"]
[WhiteCountry "USA"]
[BlackCountry "GER"]
[WhiteElo "1469"]
[WhiteRD "51"]
[BlackElo "1311"]
[BlackRD "99"]
[GameID "49379"]

1. d4 d5 2. c4 dxc4 3. Nf3 Nf6 4. e3 b5 5. Nc3 c6 6. a4 bxa4 7. Nxa4 Ne4 8. Bxc4 Qa5+ 9. Bd2 Qh5 10. Nc3 Ba6
11. Bxa6 Nxc3 12. Bxc3 Nxa6 13. Rxa6 Qb5 14. Ra3 e6 15. Ra2 Bb4 16. Ne5 O-O 17. Qd3 Qd5 18. Ra6 c5 19. Bxb4 cxb4 20. O-O f5
21. Ra4 a5 22. Re1 Qe4 23. Qxe4 fxe4 24. b3 Rf5 25. Nc6 Kh8 26. Rea1 Raf8 27. R1a2 R5f6 28. Rxa5 Rc8 29. h4 h5 30. Nxb4 Rc1+
31. Kh2 Kh7 32. d5 e5 33. Ra6 Rd1 34. Rxf6 gxf6 35. Kg3 Rh1 36. f4 exf4+ 37. exf4 Kg6 38. Re2 Rd1 39. Rxe4 Rb1 40. Re3 Rd1
41. Rd3 Re1 42. d6 Re4 43. d7 Kf5 44. Rd5+
1-0

[Event "just SC 1200/1600"]
[Site "SchemingMind.com"]
[Date "2006.05.05"]
[Round "-"]
[White "spoke"]
[Black "gregor"]
[Result "1-0"]
[WhiteCountry "GER"]
[BlackCountry "GER"]
[WhiteElo "1694"]
[WhiteRD "64"]
[BlackElo "1518"]
[BlackRD "73"]
[GameID "49502"]

1. e4 c5 2. Nf3 e6 3. d4 cxd4 4. Nxd4 Nf6 5. Nc3 a6 6. Be2 d6 7. O-O Be7 8. Be3 b5 9. a3 Bb7 10. f3 O-O
11. Qe1 d5 12. exd5 Nxd5 13. Nxd5 Bxd5 14. Rc1 Nd7 15. c4 bxc4 16. Bxc4 Ne5 17. Bxd5 Qxd5 18. Kh1 Nd3 19. Qd2 Nxc1 20. Rxc1 Bd6
21. Bf4 Bxf4 22. Qxf4 Qa2 23. Qd2 Rad8 24. Qc3 e5 25. Nc6 Rde8 26. Nxe5 Qe6 27. f4 Rc8 28. Qd2 Rxc1+ 29. Qxc1 Rc8 30. Qd2 Qa2
31. h3 h5 32. Qd7 Rf8 33. Qd4 Qb1+ 34. Kh2 f6 35. Qd5+ Kh7 36. Nd7 Rd8 37. Nxf6+
1-0

[Event "just SC 1200/1600"]
[Site "SchemingMind.com"]
[Date "2006.05.05"]
[Round "-"]
[White "spoke"]
[Black "christiane"]
[Result "1-0"]
[WhiteCountry "GER"]
[BlackCountry "GER"]
[WhiteElo "1694"]
[WhiteRD "64"]
[BlackElo "1198"]
[BlackRD "86"]
[GameID "49503"]

1. e4 e5 2. Nf3 Nc6 3. Bc4 Bc5 4. d3 Nf6 5. Bg5 O-O 6. Nc3 d6 7. Nd5 Bg4 8. h3 Bxf2+ 9. Kxf2 Bxf3 10. gxf3 a6
11. Qd2 b5 12. Bb3 a5 13. Rhg1 Qd7 14. Nxf6+ gxf6 15. Bxf6+
1-0

[Event "just SC 1200/1600"]
[Site "SchemingMind.com"]
[Date "2006.05.05"]
[Round "-"]
[White "spoke"]
[Black "pelikan"]
[Result "1-0"]
[WhiteCountry "GER"]
[BlackCountry "GER"]
[WhiteElo "1694"]
[WhiteRD "64"]
[BlackElo "1311"]
[BlackRD "99"]
[GameID "49504"]

1. e4 e5 2. Nf3 d6 3. d4 Nf6 4. Bg5 d5 5. dxe5 h6 6. Bxf6 gxf6 7. Qxd5 Be6 8. Qxd8+ Kxd8 9. exf6 Nc6 10. Bb5 Bd7
11. Nc3 Rg8 12. O-O Bh3 13. Rfd1+ Bd6 14. g3 Kc8 15. Bxc6 bxc6 16. e5 Bc5 17. Ne4 Bb6 18. c4 Rg4 19. Nfd2 Bd4 20. Kh1 Bxe5
21. f4 Bd4 22. Nf3 Bb6 23. c5 Ba5 24. Ne5 Rg8 25. Nxc6 Re8 26. Nf2 Bb6 27. cxb6 Bd7 28. Ne7+ Kd8 29. b7 Rb8 30. Nc6#
1-0

[Event "just SC 1200/1600"]
[Site "SchemingMind.com"]
[Date "2006.05.05"]
[Round "-"]
[White "spoke"]
[Black "Dr_Pat"]
[Result "0-1"]
[WhiteCountry "GER"]
[BlackCountry "USA"]
[WhiteElo "1658"]
[WhiteRD "66"]
[BlackElo "1409"]
[BlackRD "54"]
[GameID "49505"]

1. e4 c5 2. Nf3 d6 3. d4 cxd4 4. Qxd4 Nf6 5. Nc3 Nc6 6. Bb5 Bd7 7. Bxc6 Bxc6 8. Nd5 Bxd5 9. exd5 g6 10. O-O Bg7
11. Re1 O-O 12. Rb1 a6 13. c4 Re8 14. Bg5 Nd7 15. Qe3 Rc8 16. Bxe7 Qc7 17. b3 Bf6 18. Qh6 Rxe7 19. Rxe7 Bxe7 20. Re1 Bf8
0-1

[Event "just SC 1200/1600"]
[Site "SchemingMind.com"]
[Date "2006.05.08"]
[Round "-"]
[White "gregor"]
[Black "spoke"]
[Result "0-1"]
[WhiteCountry "GER"]
[BlackCountry "GER"]
[WhiteElo "1518"]
[WhiteRD "73"]
[BlackElo "1694"]
[BlackRD "64"]
[GameID "49506"]

1. d4 d5 2. c4 e6 3. Nc3 Nf6 4. Nf3 Be7 5. e3 c6 6. Bd3 dxc4 7. Bxc4 Nbd7 8. O-O Nb6 9. Ne5 Nxc4 10. Nxc4 Nd5
11. Qf3 Nxc3 12. bxc3 Qd5 13. Ne5 O-O 14. e4 Qa5 15. Bd2 c5 16. Qf4 Bd6 17. Qg4 Bxe5 18. dxe5 c4 19. Bh6 Qxe5 20. Rac1 f5
21. exf5 exf5 22. Qg5 Qf6 23. Qxf6 Rxf6 24. Bg5 Rg6 25. f4 b5 26. Rfe1 Bb7 27. Re7 Be4 28. a3 h6 29. Bh4 Rxg2+ 30. Kf1 Rxh2
0-1

[Event "just SC 1200/1600"]
[Site "SchemingMind.com"]
[Date "2006.05.08"]
[Round "-"]
[White "christiane"]
[Black "spoke"]
[Result "0-1"]
[WhiteCountry "GER"]
[BlackCountry "GER"]
[WhiteElo "1227"]
[WhiteRD "88"]
[BlackElo "1692"]
[BlackRD "64"]
[GameID "49507"]

1. d4 d5 2. e3 Nf6 3. Nf3 Nc6 4. Bb5 Bd7 5. O-O e6 6. Nc3 Be7 7. a4 a6 8. Bxc6 bxc6 9. Ne5 O-O 10. b3 c5
11. Qf3 cxd4 12. exd4 c5 13. Qg3 Nh5 14. Qh3 g6 15. Nxd5 Ra7 16. Bh6 exd5 17. g4 Re8 18. Qf3 Bf6 19. gxh5 Bxe5 20. dxe5 Rxe5
21. Rae1 Rxh5 22. Qe3 Qh4 23. Bf4 Bh3 24. Qe8+ Kg7 25. Be5+ Rxe5 26. Qxe5+ Kh6 27. f3 Bxf1 28. Kxf1 Qh5 29. Qf4+ Kg7 30. Re6 fxe6
31. Qh4 Qxf3+
0-1

[Event "just SC 1200/1600"]
[Site "SchemingMind.com"]
[Date "2006.05.05"]
[Round "-"]
[White "pelikan"]
[Black "spoke"]
[Result "0-1"]
[WhiteCountry "GER"]
[BlackCountry "GER"]
[WhiteElo "1311"]
[WhiteRD "99"]
[BlackElo "1694"]
[BlackRD "64"]
[GameID "49508"]

1. e4 e5 2. Nf3 Nc6 3. Nc3 Nf6 4. d4 exd4 5. Nxd4 Bb4 6. Bc4 O-O 7. Nf5 Nxe4 8. O-O Nxc3 9. bxc3 Bxc3 10. Rb1 d5
11. Bxd5 Bxf5 12. Rb3 Bf6 13. Rxb7 Ne7 14. c4 Nxd5 15. cxd5 Be4 16. Rb5 c6 17. dxc6 Bxc6 18. Rh5 Qxd1 19. Rxd1 Rfd8 20. Re1 Bc3
21. Rf1 Rd5 22. Rh3 Ba5 23. Rg3 Bb5 24. Bh6 g6 25. Rg5 Rxg5 26. Bxg5 Bxf1 27. Kxf1 Re8 28. g3 Re1+ 29. Kg2 Ra1 30. Be3 Bb6
31. a3 Bxe3 32. fxe3 Rxa3
0-1

[Event "just SC 1200/1600"]
[Site "SchemingMind.com"]
[Date "2006.05.05"]
[Round "-"]
[White "Dr_Pat"]
[Black "spoke"]
[Result "0-1"]
[WhiteCountry "USA"]
[BlackCountry "GER"]
[WhiteElo "1469"]
[WhiteRD "51"]
[BlackElo "1694"]
[BlackRD "64"]
[GameID "49509"]

1. d4 d5 2. c4 e6 3. Nf3 c6 4. Nc3 Bb4 5. e3 Nf6 6. Be2 Ne4 7. Bd2 Nxd2 8. Nxd2 dxc4 9. Bxc4 Bxc3 10. bxc3 b5
11. Be2 Bb7 12. O-O O-O 13. a3 Nd7 14. e4 Nf6 15. e5 Nd5 16. Qc2 Rc8 17. Ne4 a5 18. Nc5 Qc7 19. Nxb7 Qxb7 20. f4 c5
21. Bf3 cxd4 22. Qb3 Rxc3 23. Bxd5 Qxd5 24. Qxd5 exd5 25. h4 Rfc8 26. Kh2 Rc2 27. Kh3 R8c3+ 28. g3 h5 29. f5 Re2 30. Rf4 Rcc2
31. Rh1 Re4 32. Rh2 Rxh2+ 33. Kxh2 Rxf4 34. gxf4 b4 35. axb4 axb4 36. e6 fxe6 37. fxe6 d3
0-1

[Event "just SC 1200/1600"]
[Site "SchemingMind.com"]
[Date "2006.05.05"]
[Round "-"]
[White "capablanca"]
[Black "spoke"]
[Result "1/2-1/2"]
[WhiteCountry "GER"]
[BlackCountry "GER"]
[WhiteElo "1599"]
[WhiteRD "61"]
[BlackElo "1658"]
[BlackRD "66"]
[GameID "49512"]

1. d4 Nf6 2. c4 g6 3. Nc3 Bg7 4. e4 d6 5. Nf3 e5 6. d5 O-O 7. Bd3 Bg4 8. O-O Nbd7 9. h3 Bxf3 10. Qxf3 Nc5
11. Bc2 a6 12. b4 Ncd7 13. a4 c5 14. b5 axb5 15. Nxb5 Ne8 16. Bd2 b6 17. Ra3 Ndf6 18. Rfa1 Nc7 19. Nxc7 Qxc7 20. Qb3 Rab8
21. Rb1 Nd7 22. Qa2 f5 23. a5 bxa5 24. Rxa5 Rxb1+ 25. Bxb1 fxe4 26. Bxe4 Rb8 27. Ra8 Rxa8 28. Qxa8+ Qb8 29. Qxb8+ Nxb8 30. f4 Nd7
31. g3=
1/2-1/2

[Event "just SC 1200/1600"]
[Site "SchemingMind.com"]
[Date "2006.05.05"]
[Round "-"]
[White "capablanca"]
[Black "gregor"]
[Result "0-1"]
[WhiteCountry "GER"]
[BlackCountry "GER"]
[WhiteElo "1599"]
[WhiteRD "61"]
[BlackElo "1588"]
[BlackRD "78"]
[GameID "49513"]

1. d4 d5 2. c4 e6 3. Nc3 Bb4 4. a3 Bxc3+ 5. bxc3 Nf6 6. cxd5 Nxd5 7. Qb3 O-O 8. e4 Nf6 9. Bd3 a6 10. Nf3 b5
11. O-O Bb7 12. Re1 c5 13. Qb2 cxd4 14. cxd4 Nc6 15. Be3 h6 16. Bc2 Re8 17. Rad1 Ne7 18. h3 Nxe4 19. Bxe4 Bxe4 20. Ne5 Nf5
21. Qe2 a5 22. Qxb5 Nh4 23. f3 f6 24. Nc4 Bd5 25. Nd2 Qc7 26. Rc1 Qg3 27. Re2 Rec8 28. Rxc8+ Rxc8 29. Nf1 Nxf3+ 30. Kh1 Qg6
31. Qd7 Rb8 32. Nd2 Rb1+
0-1

[Event "just SC 1200/1600"]
[Site "SchemingMind.com"]
[Date "2006.05.05"]
[Round "-"]
[White "capablanca"]
[Black "christiane"]
[Result "1-0"]
[WhiteCountry "GER"]
[BlackCountry "GER"]
[WhiteElo "1599"]
[WhiteRD "61"]
[BlackElo "1247"]
[BlackRD "90"]
[GameID "49514"]

1. c4 e5 2. Nc3 Nf6 3. g3 Bb4 4. Bg2 O-O 5. Qb3 Na6 6. Nf3 d6 7. a3 Bg4 8. axb4 c5 9. bxc5 Nxc5 10. Qc2 e4
11. Ng5 Qd7 12. Ngxe4 Qe6 13. Nxc5 dxc5 14. Bxb7 Rae8 15. O-O Qxc4 16. d3 Rxe2 17. Qxe2 Bxe2 18. dxc4 Bxf1 19. Kxf1 Ng4 20. Rxa7 g6
21. Bd5 Nxh2+ 22. Kg2
1-0

[Event "just SC 1200/1600"]
[Site "SchemingMind.com"]
[Date "2006.05.05"]
[Round "-"]
[White "capablanca"]
[Black "pelikan"]
[Result "1-0"]
[WhiteCountry "GER"]
[BlackCountry "GER"]
[WhiteElo "1590"]
[WhiteRD "58"]
[BlackElo "1311"]
[BlackRD "99"]
[GameID "49515"]

1. e4 e5 2. Nf3 d6 3. d4 Nf6 4. dxe5 Nxe4 5. exd6 Bxd6 6. Bc4 O-O 7. h3 Re8 8. O-O Bc5 9. Qxd8 Rxd8 10. Bf4 Nxf2
11. Rxf2 Rd1+ 12. Bf1 b6 13. Ne5 Ba6 14. c4 b5 15. Nd3 Bxf2+ 16. Nxf2 Re1 17. Bd2 Re5 18. cxb5 Bxb5 19. Nc3 Bc6 20. Bf4 Re6
21. Bxc7 Nd7 22. Bc4 Re3 23. Bf4 Re7 24. Nd5 Re4 25. Nxe4 Re8 26. Nec3 a5 27. Nc7 Re7 28. Kf2 Nc5 29. Re1 Ne4+ 30. Nxe4 Bxe4
31. Bd3 f5 32. Bxe4 fxe4 33. Ke3 h6 34. Rf1 g5 35. Bd6 Rd7 36. Nb5 Kh7 37. Kxe4 Rb7 38. a4 Rb8 39. Bxb8
1-0

[Event "just SC 1200/1600"]
[Site "SchemingMind.com"]
[Date "2006.05.05"]
[Round "-"]
[White "capablanca"]
[Black "Dr_Pat"]
[Result "1/2-1/2"]
[WhiteCountry "GER"]
[BlackCountry "USA"]
[WhiteElo "1590"]
[WhiteRD "58"]
[BlackElo "1469"]
[BlackRD "51"]
[GameID "49516"]

1. e4 c5 2. c3 e6 3. d4 cxd4 4. cxd4 d5 5. exd5 exd5 6. Nf3 Nf6 7. Bb5+ Bd7 8. Qe2+ Be7 9. O-O O-O 10. Nc3 a6
11. Bxd7 Nbxd7 12. Re1 Bd6 13. Bg5 Re8 14. Qd2 Rxe1+ 15. Rxe1 h6 16. Bf4 Bxf4 17. Qxf4 Nb6 18. b3 Rc8 19. Qd2 Ng4 20. Ne2 Nd7
21. Nf4 Ngf6 22. Ne5 Ne4 23. Qd1 Nxe5 24. dxe5 Nc3 25. Qd2 d4 26. e6 fxe6 27. Nxe6 Qd5 28. Qxd4 Qxd4 29. Nxd4 Nxa2 30. Kf1 b5
31. Re7 Nc1 32. Ke1 Nd3+ 33. Ke2 Nf4+ 34. Kf3 Rf8 35. Kg3 Nd5 36. Ra7 Nb4 37. Ne6 Rf7 38. Ra8+ Kh7 39. Nc5=
1/2-1/2

[Event "just SC 1200/1600"]
[Site "SchemingMind.com"]
[Date "2006.05.05"]
[Round "-"]
[White "spoke"]
[Black "capablanca"]
[Result "1-0"]
[WhiteCountry "GER"]
[BlackCountry "GER"]
[WhiteElo "1658"]
[WhiteRD "66"]
[BlackElo "1599"]
[BlackRD "61"]
[GameID "49517"]

1. e4 e5 2. Nf3 Nc6 3. Bc4 Bc5 4. c3 Nf6 5. d4 exd4 6. cxd4 Bb4+ 7. Bd2 Nxe4 8. Bxb4 Nxb4 9. Bxf7+ Kf8 10. O-O d6
11. Bb3 Bg4 12. h3 Bh5 13. Re1 d5 14. a3 Nc6 15. Nc3 Nxc3 16. bxc3 Qd6 17. Qd3 Bg6 18. Qb5 Be8 19. Qxd5 Qxd5 20. Bxd5 Nd8
21. Re2 c6 22. Rae1 Bh5 23. Bb3 b6 24. g4 Bg6 25. Re7 a5 26. Nh4
1-0

[Event "just SC 1200/1600"]
[Site "SchemingMind.com"]
[Date "2006.05.08"]
[Round "-"]
[White "gregor"]
[Black "capablanca"]
[Result "1-0"]
[WhiteCountry "GER"]
[BlackCountry "GER"]
[WhiteElo "1588"]
[WhiteRD "78"]
[BlackElo "1599"]
[BlackRD "61"]
[GameID "49518"]

1. d4 d5 2. c4 c6 3. Nf3 Nf6 4. Nc3 e6 5. Qd3 Be7 6. e4 dxe4 7. Nxe4 Nbd7 8. a4 Nxe4 9. Qxe4 Nf6 10. Qf4 O-O
11. c5 Nd5 12. Qg3 Qc7 13. Qxc7 Nxc7 14. Bd3 Rd8 15. Bc2 Bf6 16. Bg5 Bxg5 17. Nxg5 g6 18. Rd1 Nd5 19. O-O b6 20. cxb6 axb6
21. Rfe1 Ba6 22. Bb3 Rd7 23. Nxe6 fxe6 24. Rxe6 Bb7 25. Rde1 Kf8 26. h3 Re7 27. Bxd5 cxd5 28. Rxe7
1-0

[Event "just SC 1200/1600"]
[Site "SchemingMind.com"]
[Date "2006.05.08"]
[Round "-"]
[White "christiane"]
[Black "capablanca"]
[Result "0-1"]
[WhiteCountry "GER"]
[BlackCountry "GER"]
[WhiteElo "1198"]
[WhiteRD "86"]
[BlackElo "1590"]
[BlackRD "58"]
[GameID "49519"]

1. d4 d5 2. c4 c6 3. Nf3 Nf6 4. Nc3 e6 5. Bg5 Be7 6. e3 O-O 7. Bd3 dxc4 8. Bxc4 Nbd7 9. O-O Nd5 10. Bxd5 cxd5
11. Qd3 Bxg5 12. Nb5 Be7 13. Rac1 Nb6 14. Rc7 a6 15. Rfc1 axb5 16. Qxb5 Nc4 17. R7xc4 dxc4 18. Rxc4 Rxa2 19. g3 Qa5 20. Qxa5 Rxa5
21. b4 Rb5 22. Nh4 Rxb4 23. Rc7 Bxh4 24. gxh4 Rb6 25. f4 Rc6 26. Re7 Rd8 27. h5 Kf8 28. d5 Rc1+
0-1

[Event "just SC 1200/1600"]
[Site "SchemingMind.com"]
[Date "2006.05.05"]
[Round "-"]
[White "pelikan"]
[Black "capablanca"]
[Result "0-1"]
[WhiteCountry "GER"]
[BlackCountry "GER"]
[WhiteElo "1311"]
[WhiteRD "99"]
[BlackElo "1590"]
[BlackRD "58"]
[GameID "49520"]

1. e4 e5 2. Nf3 d6 3. Nc3 f5 4. d3 Nf6 5. Bg5 fxe4 6. dxe4 Be7 7. Bc4 Nc6 8. O-O h6 9. Be3 Na5 10. b3 Nxc4
11. bxc4 O-O 12. Nd5 Nxe4 13. Nxe7+ Qxe7 14. Qd5+ Be6 15. Qxe4 b6 16. Qg6 Bf5 17. Qh5 Bxc2 18. Rfe1 Rf5 19. Qg6 Raf8 20. Bxh6 R8f6
21. Bg5 Rxg6 22. Bxe7 Rxf3 23. Bd8 Rc3 24. Bxc7 Rxc4 25. Bxd6 Rxd6 26. Rxe5 Rd1+ 27. Re1 Rxa1 28. Rxa1 Ra4 29. a3 b5 30. Ra2 Bb3
31. Rb2 Rxa3 32. h4 Bc4 33. g4 a5 34. Kg2 b4 35. h5 Rb3 36. Rd2 Bd3 37. g5 a4 38. Rd1 a3 39. Rh1 Be4+
0-1

[Event "just SC 1200/1600"]
[Site "SchemingMind.com"]
[Date "2006.05.05"]
[Round "-"]
[White "Dr_Pat"]
[Black "capablanca"]
[Result "1/2-1/2"]
[WhiteCountry "USA"]
[BlackCountry "GER"]
[WhiteElo "1409"]
[WhiteRD "54"]
[BlackElo "1599"]
[BlackRD "61"]
[GameID "49521"]

1. d4 d5 2. c4 c6 3. Nf3 dxc4 4. e3 Nf6 5. Bxc4 e6 6. O-O c5 7. Nc3 cxd4 8. exd4 Be7 9. Bf4 O-O 10. h3 a6
11. Bb3 Nbd7 12. Re1 Nb6 13. Bc2 Nbd5 14. Nxd5 Nxd5 15. Qd2 Bb4 16. Qd3 g6 17. Bd2 Bxd2 18. Qxd2 Bd7 19. Ne5 Rc8 20. Be4 Bc6
21. Nxc6 Rxc6 22. Bxd5 Qxd5 23. a3 Rfc8 24. Rac1 Rxc1 25. Rxc1 Rxc1+ 26. Qxc1 Qxd4 27. Qc8+ Kg7 28. Qxb7 Qd1+ 29. Kh2 Qd6+=
1/2-1/2